[Event "Helsinki Chess Circuit-B 2nd"]
[Site "Helsinki"]
[Date "2002.03.05"]
[Round "9"]
[White "Paronen, Petteri"]
[Black "Mavrichev, Juri"]
[Result "1/2-1/2"]
[WhiteElo "2223"]
[BlackElo "2115"]
[PlyCount "81"]
[EventDate "2002.02.25"]
[EventType "tourn"]
[EventRounds "8"]
[EventCountry "FIN"]
[SourceTitle "EXT 2003"]
[Source "ChessBase"]
[SourceDate "2002.11.25"]
[SourceVersion "1"]
[SourceVersionDate "2002.11.25"]
[SourceQuality "1"]

1. e4 c5 2. Nf3 d6 3. Bc4 e6 4. 0-0 Nf6 5. Qe2 Nc6 6. d3 Be7 7. c3 0-0 8. Bb3 h6 9. Re1 Re8 10. Nbd2 Bf8 11. d4 cxd4 12. cxd4 e5 13. dxe5 dxe5 14. h3 Be6 15. Bxe6 Rxe6 16. b3 Nd4 17. Nxd4 Qxd4 18. Rb1 Bb4 19. Nf3 Qc5 20. Bd2 Bxd2 21. Qxd2 Qb6 22. Rbd1 Rc8 23. Nh4 Kf8 24. Nf5 Rec6 25. Re2 Nh5 26. g3 Nf6 27. Kg2 a5 28. f3 Qb4 29. Ne3 Qxd2 30. Rexd2 g6 31. Kf2 h5 32. h4 b5 33. Rd8+ Ke7 34. Rxc8 Rxc8 35. Nd5+ Ke6 36. Nxf6 Kxf6 37. Rd6+ Ke7 38. Rd5 f6 39. Rxb5 Rc2+ 40. Ke3 Rxa2 41. Rb6 1/2-1/2

[Event "Helsinki Chess Circuit-B 2nd"]
[Site "Helsinki"]
[Date "2002.02.27"]
[Round "3"]
[White "Parkkinen, Jyrki"]
[Black "Mavrichev, Juri"]
[Result "1/2-1/2"]
[WhiteElo "2121"]
[BlackElo "2115"]
[PlyCount "98"]
[EventDate "2002.02.25"]
[EventType "tourn"]
[EventRounds "8"]
[EventCountry "FIN"]
[SourceTitle "EXT 2003"]
[Source "ChessBase"]
[SourceDate "2002.11.25"]
[SourceVersion "1"]
[SourceVersionDate "2002.11.25"]
[SourceQuality "1"]

1. Nf3 Nf6 2. d4 d5 3. c4 dxc4 4. Qa4+ c6 5. Qxc4 Bf5 6. Nc3 e6 7. Bg5 Be7 8. e3 Nbd7 9. Bxf6 Nxf6 10. Bd3 Bxd3 11. Qxd3 0-0 12. Rd1 Qa5 13. 0-0 Rad8 14. Qc4 Bb4 15. a3 Bxc3 16. Qxc3 Qc7 17. b4 Qb8 18. Rc1 h6 19. Qb3 Rd5 20. Rc5 Nd7 21. Rc2 Nf6 22. Rfc1 Rfd8 23. a4 a6 24. Rc5 Ne4 25. Rxd5 cxd5 26. Qc2 Nd6 27. Qc7 Qxc7 28. Rxc7 Rc8 29. Rxc8+ Nxc8 30. Kf1 Kf8 31. Ke2 Ke7 32. Ne5 Nd6 33. f3 f6 34. Nd3 b6 35. Nb2 Nb7 36. Kd3 Kd6 37. Nd1 Kd7 38. Nc3 Kd6 39. e4 Nd8 40. exd5 exd5 41. b5 a5 42. Ke3 Ne6 43. Ne2 g6 44. Nf4 Nxf4 45. Kxf4 Ke6 46. Kg4 Kf7 47. f4 f5+ 48. Kh4 Ke6 49. h3 Kf7 1/2-1/2

[Event "Helsinki Chess Circuit-B 2nd"]
[Site "Helsinki"]
[Date "2002.02.26"]
[Round "2"]
[White "Mavrichev, Juri"]
[Black "Kilpela, Panu"]
[Result "1/2-1/2"]
[WhiteElo "2115"]
[BlackElo "2139"]
[PlyCount "80"]
[EventDate "2002.02.25"]
[EventType "tourn"]
[EventRounds "8"]
[EventCountry "FIN"]
[SourceTitle "EXT 2003"]
[Source "ChessBase"]
[SourceDate "2002.11.25"]
[SourceVersion "1"]
[SourceVersionDate "2002.11.25"]
[SourceQuality "1"]

1. e4 c5 2. Nf3 Nc6 3. d4 cxd4 4. Nxd4 e5 5. Nb5 d6 6. N1c3 a6 7. Na3 b5 8. Nd5 Nce7 9. c3 Bb7 10. Nc2 Nxd5 11. exd5 Ne7 12. a4 bxa4 13. Ne3 Qd7 14. Rxa4 f5 15. Ra5 Nc8 16. Nc4 Be7 17. Be2 0-0 18. 0-0 Bd8 19. Ra1 Qf7 20. Ne3 f4 21. Bg4 Re8 22. Be6 Rxe6 23. dxe6 Qxe6 24. Nc2 Bb6 25. Ne1 Ne7 26. b3 Rc8 27. c4 Nf5 28. Bd2 Qg6 29. h3 Bd4 30. Ra2 Ng3 31. Bxf4 Nxf1 32. Kxf1 Qf7 33. Bg3 d5 34. Nf3 dxc4 35. bxc4 Qxc4+ 36. Qe2 Bd5 37. Rd2 Qb4 38. Kg1 Bxf3 39. gxf3 Rc1+ 40. Rd1 Qb5 1/2-1/2

[Event "Heart of Finland op 11th"]
[Site "Jyvaskyla"]
[Date "2001.07.18"]
[Round "2"]
[White "Mavrichev, Juri"]
[Black "Yrjola, Jouni"]
[Result "0-1"]
[WhiteElo "2119"]
[BlackElo "2413"]
[PlyCount "60"]
[EventDate "2001.07.??"]
[EventType "swiss"]
[EventRounds "9"]
[EventCountry "FIN"]
[SourceTitle "EXT 2002"]
[Source "ChessBase"]
[SourceDate "2001.11.25"]
[SourceVersion "1"]
[SourceVersionDate "2001.11.25"]
[SourceQuality "1"]

1. e4 c5 2. Nf3 d6 3. d4 cxd4 4. Qxd4 a6 5. Be3 Nf6 6. Nc3 Nbd7 7. 0-0-0 e6 8. e5 dxe5 9. Nxe5 Qc7 10. Nc4 Bc5 11. Nd6+ Ke7 12. Nxc8+ Rhxc8 13. Qh4 Bxe3+ 14. fxe3 Qe5 15. Qf4 g5 16. Qxe5 Nxe5 17. h3 Rc5 18. Be2 Rac8 19. Rd2 Ned7 20. Bf3 R8c7 21. Re1 h5 22. Be2 Re5 23. Bf1 Nc5 24. Rd4 Ne8 25. g4 hxg4 26. hxg4 Nf6 27. Bg2 Ncd7 28. Bf3 Rec5 29. Bd1 Ne5 30. Ne4 Nxe4 0-1